[Event "EST-ch"]
[Site "Tallinn"]
[Date "2006.03.09"]
[Round "7"]
[White "Kalinichev, Andrey"]
[Black "Danilov, Nikolai"]
[Result "1/2-1/2"]
[WhiteElo "2369"]
[BlackElo "2223"]
[PlyCount "105"]
[EventDate "2006.03.05"]
[EventType "tourn"]
[EventRounds "9"]
[EventCountry "EST"]
[EventCategory "2"]
[SourceTitle "CBM 111 Extra"]
[Source "ChessBase"]
[SourceDate "2006.05.09"]
[SourceVersion "1"]
[SourceVersionDate "2006.05.09"]
[SourceQuality "1"]

1. d4 Nf6 2. Bg5 Ne4 3. Bf4 d5 4. e3 c5 5. Bd3 Qb6 6. Bxe4 dxe4 7. Nc3 Qg6 8. Bg3 Bg4 9. Nge2 h5 10. h3 Bf5 11. Nf4 Qc6 12. 0-0 h4 13. Bh2 Na6 14. d5 Qd7 15. f3 g5 16. fxe4 gxf4 17. exf5 fxe3 18. Bf4 Qxf5 19. Bxe3 Qg6 20. Qf3 Rg8 21. d6 0-0-0 22. dxe7 Bxe7 23. Nd5 Bd6 24. Bf4 Rg7 25. Rad1 Bf8 26. Rd2 f5 27. c4 Rgd7 28. Rfd1 Nb4 29. Kh1 Nxd5 30. Rxd5 Rxd5 31. Rxd5 Re8 32. Qd3 Qe6 33. Re5 Qxe5 34. Bxe5 Rxe5 35. Kg1 Bh6 36. Qd6 Bf4 37. Qf8+ Kd7 38. Kf2 Bg3+ 39. Kf3 Kc7 40. a3 a5 41. b3 b6 42. Qa8 Re1 43. Qa7+ Kc6 44. Qa8+ Kc7 45. Qf8 Re5 46. Qf7+ Kc6 47. Qh7 Re1 48. Qg6+ Kc7 49. Qf7+ Kc6 50. Qd5+ Kc7 51. Qd3 Re5 52. Qd2 Kc8 53. Qh6 1/2-1/2

[Event "EST-ch"]
[Site "Tallinn"]
[Date "2006.03.05"]
[Round "1"]
[White "Danilov, Nikolai"]
[Black "Volodin, Aleksandr"]
[Result "1/2-1/2"]
[WhiteElo "2223"]
[BlackElo "2244"]
[PlyCount "44"]
[EventDate "2006.03.05"]
[EventType "tourn"]
[EventRounds "9"]
[EventCountry "EST"]
[EventCategory "2"]
[SourceTitle "CBM 111 Extra"]
[Source "ChessBase"]
[SourceDate "2006.05.09"]
[SourceVersion "1"]
[SourceVersionDate "2006.05.09"]
[SourceQuality "1"]

1. d4 Nf6 2. Nf3 d6 3. c4 g6 4. Nc3 Bg7 5. g3 0-0 6. Bg2 Nc6 7. h3 e5 8. Be3 exd4 9. Nxd4 Bd7 10. 0-0 Re8 11. Qd2 Nxd4 12. Bxd4 Bc6 13. Nd5 Nxd5 14. cxd5 Bb5 15. Bxg7 Kxg7 16. Rfe1 Qf6 17. a4 Bd7 18. Qb4 Rab8 19. Qa5 c5 20. dxc6 Bxc6 21. Qd2 Rbc8 22. e4 Rcd8 1/2-1/2

[Event "EST-chT final"]
[Site "Estonia"]
[Date "2003.??.??"]
[Round "?"]
[White "Danilov, Nikolai"]
[Black "Rychagov, Mikhail"]
[Result "1/2-1/2"]
[WhiteElo "2179"]
[BlackElo "2492"]
[PlyCount "20"]
[EventDate "2003.??.??"]
[EventType "team-tourn"]
[EventRounds "5"]
[EventCountry "EST"]
[SourceTitle "EXT 2007"]
[Source "ChessBase"]
[SourceDate "2006.11.23"]
[SourceVersion "1"]
[SourceVersionDate "2006.11.23"]
[SourceQuality "1"]

1. d4 d5 2. c4 e6 3. Nc3 c6 4. Nf3 Nf6 5. Bg5 h6 6. Bh4 dxc4 7. e4 g5 8. Bg3 b5 9. e5 Nd5 10. Nd2 Nd7 1/2-1/2

[Event "EST-chT final"]
[Site "Estonia"]
[Date "2003.??.??"]
[Round "?"]
[White "Kanep, Meelis"]
[Black "Danilov, Nikolai"]
[Result "1/2-1/2"]
[WhiteElo "2445"]
[BlackElo "2179"]
[PlyCount "73"]
[EventDate "2003.??.??"]
[EventType "team-tourn"]
[EventRounds "5"]
[EventCountry "EST"]
[SourceTitle "EXT 2007"]
[Source "ChessBase"]
[SourceDate "2006.11.23"]
[SourceVersion "1"]
[SourceVersionDate "2006.11.23"]
[SourceQuality "1"]

1. d4 Nf6 2. c4 e6 3. Nc3 Bb4 4. f3 c5 5. a3 Bxc3+ 6. bxc3 d5 7. cxd5 exd5 8. e3 0-0 9. Bd3 b6 10. Ne2 Ba6 11. 0-0 Re8 12. Bxa6 Nxa6 13. a4 Nc7 14. a5 Ne6 15. Qb3 Qc7 16. Bd2 bxa5 17. Qa2 Reb8 18. e4 dxe4 19. d5 e3 20. Be1 Nf4 21. Nxf4 Qxf4 22. Bg3 Qg5 23. Bxb8 Rxb8 24. Qxa5 h6 25. Ra2 Qxd5 26. Qxa7 Re8 27. Re1 Qc4 28. Qa3 Re6 29. Rae2 Nd5 30. Qc1 Nf4 31. Rb2 Nd3 32. Rb8+ Kh7 33. Qc2 g6 34. Re2 Nf4 35. Re1 Nd3 36. Re2 Nf4 37. Re1 1/2-1/2

[Event "EST-chT"]
[Site "Tallinn"]
[Date "2002.04.07"]
[Round "9"]
[White "Danilov, Nikolai"]
[Black "Seeman, Tarvo"]
[Result "0-1"]
[WhiteElo "2158"]
[BlackElo "2441"]
[PlyCount "84"]
[EventDate "2002.03.08"]
[EventType "team-tourn"]
[EventRounds "10"]
[EventCountry "EST"]
[SourceTitle "CBM 087 Extra"]
[Source "ChessBase"]
[SourceDate "2002.05.03"]
[SourceVersion "2"]
[SourceVersionDate "2002.08.09"]
[SourceQuality "1"]

1. d4 Nf6 2. c4 g6 3. Nc3 Bg7 4. e4 d6 5. Nf3 0-0 6. Be2 e5 7. 0-0 Nc6 8. d5 Ne7 9. Nd2 a5 10. a3 Nd7 11. Rb1 f5 12. b4 Kh8 13. Bd3 axb4 14. axb4 c6 15. Qc2 Nf6 16. dxc6 Nxc6 17. Nb5 f4 18. Rd1 Bg4 19. f3 Be6 20. Be2 Qe7 21. Nf1 Rfd8 22. Qb2 g5 23. Bd2 g4 24. Be1 gxf3 25. gxf3 Qf7 26. Nd2 Ra4 27. Qc2 Rda8 28. Nb3 Ra2 29. Rb2 Rxb2 30. Qxb2 Nxe4 31. fxe4 Qg6+ 32. Kf2 Qxe4 33. Qd2 Bf6 34. Nxd6 Qh1 35. Bf3 Qxh2+ 36. Bg2 Rg8 37. Kf3 Bg4+ 38. Ke4 Bxd1 39. Qxd1 Qxg2+ 40. Kf5 Qg6+ 41. Ke6 Be7+ 42. Kd7 Bxd6 0-1

[Event "Keres Memorial op"]
[Site "Tallinn"]
[Date "2001.07.28"]
[Round "5"]
[White "Danilov, Nikolai"]
[Black "Seeman, Tarvo"]
[Result "0-1"]
[WhiteElo "2160"]
[BlackElo "2440"]
[PlyCount "58"]
[EventDate "2001.07.25"]
[EventType "swiss"]
[EventRounds "9"]
[EventCountry "EST"]
[SourceTitle "CBM 083 Extra"]
[Source "ChessBase"]
[SourceDate "2001.09.11"]
[SourceVersion "1"]
[SourceVersionDate "2001.09.11"]
[SourceQuality "1"]

1. d4 Nf6 2. c4 g6 3. Nc3 Bg7 4. e4 d6 5. f3 c6 6. Nge2 0-0 7. Be3 a6 8. Qd2 b5 9. cxb5 axb5 10. g4 e5 11. dxe5 dxe5 12. g5 Nh5 13. Bg2 Be6 14. Qc2 Na6 15. Rd1 Qa5 16. 0-0 Nb4 17. Qc1 Bc4 18. a3 Na2 19. Nxa2 Bxe2 20. Nb4 Bxd1 21. Rxd1 Nf4 22. Bf1 Rfd8 23. Nxc6 Rxd1 24. Qxd1 Qa4 25. b3 Qxa3 26. Bxb5 Bf8 27. Bc4 Bc5 28. Qd2 Bxe3+ 29. Qxe3 Qb2 0-1

[Event "EST-chT"]
[Site "Parnu/Tallinn"]
[Date "2001.04.06"]
[Round "?"]
[White "Danilov, Nikolai"]
[Black "Tarakanov, Oleg"]
[Result "1-0"]
[WhiteElo "2179"]
[BlackElo "2155"]
[PlyCount "43"]
[EventDate "2001.04.06"]
[EventType "team-tourn"]
[EventRounds "8"]
[EventCountry "EST"]
[SourceTitle "CBM 081 Extra"]
[Source "ChessBase"]
[SourceDate "2001.05.06"]
[SourceVersion "1"]
[SourceVersionDate "2001.05.06"]
[SourceQuality "1"]

1. d4 Nf6 2. c4 e6 3. Nc3 d5 4. Bg5 c6 5. e3 Nbd7 6. Nf3 Qa5 7. Nd2 Bb4 8. Qc2 Bxc3 9. bxc3 Ne4 10. Nxe4 dxe4 11. Bh4 f6 12. Rc1 Nb6 13. Be2 e5 14. Qxe4 Qxa2 15. dxe5 f5 16. Qd4 0-0 17. c5 Qb2 18. Rd1 Nd5 19. Bc4 Be6 20. 0-0 Rf7 21. Rd2 Qxc3 22. Qxc3 1-0

[Event "Keres Memorial op"]
[Site "Tallinn"]
[Date "2000.08.21"]
[Round "8"]
[White "Smirnov, Artem"]
[Black "Danilov, Nikolai"]
[Result "1-0"]
[WhiteElo "2225"]
[BlackElo "2231"]
[PlyCount "61"]
[EventDate "2000.08.14"]
[EventType "swiss"]
[EventRounds "9"]
[EventCountry "EST"]
[SourceTitle "CBM 077 Extra"]
[Source "ChessBase"]
[SourceDate "2000.09.14"]
[SourceVersion "1"]
[SourceVersionDate "2000.09.14"]
[SourceQuality "1"]

1. d4 d5 2. c4 c6 3. Nf3 Nf6 4. Nc3 dxc4 5. a4 Bf5 6. e3 e6 7. Bxc4 Bb4 8. 0-0 0-0 9. Nh4 Nbd7 10. f3 Nb6 11. Bb3 Nfd5 12. Nxf5 exf5 13. Qd3 Qf6 14. a5 Bxc3 15. bxc3 Nd7 16. e4 Ne7 17. Re1 Rad8 18. Qc2 Kh8 19. Ba3 c5 20. e5 Qg5 21. Rad1 f4 22. Qe4 Nf5 23. Bc2 g6 24. Bc1 cxd4 25. cxd4 Rc8 26. Ba4 Rfd8 27. Bxf4 Qh4 28. Bxd7 Rxd7 29. e6 Re7 30. Be5+ Kg8 31. Qxh4 1-0

[Event "Keres Memorial op"]
[Site "Tallinn"]
[Date "2000.08.20"]
[Round "7"]
[White "Timoshenko, Georgy"]
[Black "Danilov, Nikolai"]
[Result "1-0"]
[WhiteElo "2557"]
[BlackElo "2231"]
[PlyCount "89"]
[EventDate "2000.08.14"]
[EventType "swiss"]
[EventRounds "9"]
[EventCountry "EST"]
[SourceTitle "CBM 077 Extra"]
[Source "ChessBase"]
[SourceDate "2000.09.14"]
[SourceVersion "1"]
[SourceVersionDate "2000.09.14"]
[SourceQuality "1"]

1. e4 c6 2. d4 d5 3. Nc3 dxe4 4. Nxe4 Bf5 5. Ng3 Bg6 6. h4 h6 7. Nf3 Nd7 8. h5 Bh7 9. Bd3 Bxd3 10. Qxd3 Ngf6 11. Bf4 e6 12. 0-0-0 Nd5 13. Bd2 Qc7 14. c4 N5f6 15. Kb1 Bd6 16. Ne4 Nxe4 17. Qxe4 Nf6 18. Qe2 0-0-0 19. Bc3 Qe7 20. Ne5 Nd7 21. Nd3 Rhe8 22. f4 Kb8 23. g4 Ka8 24. Ka1 f6 25. b4 Qf7 26. Qf3 Qg8 27. Rd2 Bc7 28. c5 e5 29. dxe5 fxe5 30. Nxe5 Nxe5 31. Rxd8+ Rxd8 32. fxe5 Qc4 33. Bb2 Qxb4 34. e6 Qxc5 35. Re1 Qe7 36. Qf7 Bd6 37. Qxg7 Bb4 38. Qxe7 Bxe7 39. Rf1 b5 40. Bg7 Bg5 41. Rf8 Kb8 42. Rxd8+ Bxd8 43. Bxh6 Bf6+ 44. Kb1 Kc7 45. g5 1-0

[Event "Keres Memorial op"]
[Site "Tallinn"]
[Date "2000.08.19"]
[Round "6"]
[White "Danilov, Nikolai"]
[Black "Karasev, Vladimir I"]
[Result "1-0"]
[WhiteElo "2231"]
[BlackElo "2358"]
[PlyCount "69"]
[EventDate "2000.08.14"]
[EventType "swiss"]
[EventRounds "9"]
[EventCountry "EST"]
[SourceTitle "CBM 077 Extra"]
[Source "ChessBase"]
[SourceDate "2000.09.14"]
[SourceVersion "1"]
[SourceVersionDate "2000.09.14"]
[SourceQuality "1"]

1. d4 Nf6 2. c4 c5 3. d5 e5 4. Nc3 d6 5. e4 Be7 6. f4 exf4 7. Bxf4 0-0 8. Nf3 Nh5 9. Be3 f5 10. Bd3 Nf4 11. Bxf4 fxe4 12. Bxe4 Rxf4 13. Qd3 h6 14. 0-0 Bg4 15. h3 Bh5 16. g4 Be8 17. Bf5 Nd7 18. Ne2 Ne5 19. Nxe5 Rxf1+ 20. Rxf1 dxe5 21. Be6+ Kh8 22. Qf5 b5 23. Qxe5 bxc4 24. Ng3 Qb8 25. Qxb8 Rxb8 26. Ne4 Bg6 27. d6 Bh4 28. Nxc5 Bg5 29. Rf3 Bb1 30. Nd7 Re8 31. Bxc4 Be3+ 32. Kf1 Re4 33. Bd5 Bd3+ 34. Kg2 Rd4 35. Rxe3 1-0

[Event "EST-chT Cup"]
[Site "Tallinn"]
[Date "2000.02.25"]
[Round "?"]
[White "Luik, Helmuth"]
[Black "Danilov, Nikolai"]
[Result "0-1"]
[WhiteElo "2253"]
[BlackElo "2219"]
[PlyCount "94"]
[EventDate "2000.02.25"]
[EventType "team-tourn"]
[EventRounds "10"]
[EventCountry "EST"]
[SourceTitle "EXT 2001"]
[Source "ChessBase"]
[SourceDate "2000.11.22"]
[SourceVersion "1"]
[SourceVersionDate "2000.11.22"]
[SourceQuality "1"]

1. d4 d5 2. c4 c6 3. Nf3 Nf6 4. Nc3 dxc4 5. e3 b5 6. a4 b4 7. Nb1 Ba6 8. Nbd2 c3 9. bxc3 bxc3 10. Nc4 e6 11. Bd3 Bb4 12. 0-0 0-0 13. Ba3 Bxa3 14. Rxa3 Nd5 15. Nce5 f6 16. Bxa6 Nxa6 17. Nd3 Qd6 18. Rb3 c5 19. Rb5 cxd4 20. Nxd4 Rfd8 21. Qb3 Kh8 22. Nc1 Rac8 23. Nce2 e5 24. Nf5 Qd7 25. e4 Nf4 26. Nxf4 exf4 27. Rd5 Qc7 28. Rc1 Rxd5 29. exd5 Rb8 30. Qc2 Qe5 31. g4 g6 32. Nh4 Rc8 33. Qd3 Nb4 34. Qb5 Na2 35. Nf3 Qe4 36. Qd7 Rf8 37. Re1 Qxf3 38. Re7 Qh3 39. Re8 Rxe8 40. Qxe8+ Kg7 41. Qd7+ Kh6 42. g5+ Kxg5 43. Qxh3 c2 44. Qa3 c1Q+ 45. Qxc1 Nxc1 46. d6 Ne2+ 47. Kf1 Nd4 0-1

[Event "EST-chT"]
[Site "Tallinn"]
[Date "1999.02.28"]
[Round "4"]
[White "Danilov, Nikolai"]
[Black "Biriukov, Nikolai"]
[Result "1/2-1/2"]
[WhiteElo "2233"]
[BlackElo "2268"]
[PlyCount "45"]
[EventDate "1999.??.??"]
[EventType "team-tourn"]
[EventRounds "10"]
[EventCountry "EST"]
[SourceTitle "EXT 2000"]
[Source "ChessBase"]
[SourceDate "1999.11.16"]
[SourceVersion "1"]
[SourceVersionDate "1999.11.16"]
[SourceQuality "1"]

1. d4 Nf6 2. c4 e6 3. Nc3 d5 4. Bg5 Be7 5. e3 0-0 6. Nf3 h6 7. Bh4 b6 8. cxd5 Nxd5 9. Bxe7 Qxe7 10. Bd3 Nxc3 11. bxc3 Bb7 12. 0-0 Nd7 13. a4 a5 14. Rb1 e5 15. Bc4 Rad8 16. Qe2 Bc6 17. Bb5 Be4 18. Rb2 Bxf3 19. Qxf3 e4 20. Qe2 Kh8 21. Bxd7 Rxd7 22. Rb5 f5 23. Re5 1/2-1/2